书目信息 |
| 题名: |
Oracle从入门到精通
|
|
| 作者: | 秦靖 , 刘存勇 编著 | |
| 分册: | ||
| 出版信息: | 北京 机械工业出版社 2011 |
|
| 页数: | 18,449页 | |
| 开本: | 26cm | |
| 丛书名: | 程序员书库 | |
| 单 册: | ||
| 中图分类: | TP311.138 | |
| 科图分类: | ||
| 主题词: | 关系数据库系统 | |
| 电子资源: | ||
| ISBN: | 978-7-111-32448-5 | |
| 000 | 00934oam2 2200277 450 | |
| 001 | 140284 | |
| 005 | 20141019101932.92 | |
| 010 | @a978-7-111-32448-5@b光盘@dRMB 59.00 | |
| 100 | @a20110304d2011 em y0chiy50 ea | |
| 101 | 0 | @achi |
| 102 | @aCN@b110000 | |
| 105 | @ay z 000yy | |
| 200 | 1 | @aOracle从入门到精通@AOracle cong ru men dao jing tong@b专著@e视频实战版@f秦靖,刘存勇等编著 |
| 210 | @a北京@c机械工业出版社@d2011 | |
| 215 | @a18,449页@d26cm@e1光盘 | |
| 225 | 2 | @a程序员书库 |
| 307 | @a附光盘:ISBN 978-7-89451-756-2 | |
| 330 | @a本书介绍了Oracle 11g中数据操作和管理的基本知识,突出了数据库操作的实用性和技巧性,其中大量应用了示例讲解数据库使用的每一个知识点。 | |
| 410 | 0 | @1001002785771 |
| 606 | 0 | @a关系数据库系统 |
| 610 | 0 | @aOracle |
| 690 | @aTP311.138@v4 | |
| 701 | 0 | @a秦靖@Aqin jing@4编著 |
| 701 | 0 | @a刘存勇@Aliu cun yong@4编著 |
| 801 | 0 | @aCN@b110017@c20140927 |
| 905 | @a241430@dTP311.138@eQ412 | |
| Oracle从入门到精通:视频实战版/秦靖,刘存勇等编著.-北京:机械工业出版社,2011 |
| 18,449页;26cm+1光盘.-(程序员书库) |
| ISBN 978-7-111-32448-5(光盘):RMB 59.00 |
| 本书介绍了Oracle 11g中数据操作和管理的基本知识,突出了数据库操作的实用性和技巧性,其中大量应用了示例讲解数据库使用的每一个知识点。 |
| ● |
| 相关链接 |
|
|
|
正题名:Oracle从入门到精通
索取号:TP311.138/Q412
 
预约/预借
| 序号 | 登录号 | 条形码 | 馆藏地/架位号 | 状态 | 备注 |
| 1 | 0834234 | 208342346 | 自科库301/301自科库 48排5列5层/ [索取号:TP311.138/Q412] | 在馆 | |
| 2 | 0834235 | 208342355 | 自科库301/301自科库 46排2列4层/ [索取号:TP311.138/Q412] | 在馆 | |
| 3 | 0834236 | 208342364 | 自科库301/301自科库 48排5列5层/ [索取号:TP311.138/Q412] | 在馆 |